Регионална библиотека "Любен Каравелов" - Русе

Иоланта (Запис номер 529037)

MARC детайли
000 -Лидер
Лидер 01255njm a2200277 a 4500
003 - Код на организацията, давaща контролен номер
Код на организацията, даваща контролен номер BLK
005 - Дата и час на последна редакция
Дата и час на последна редакция 20250317093149.0
007 - Фиксирано поле за физическо описани
Физическо описание sd bmmalaaahaa
008 - Елементи от данни с фиксирана дължина
Елементи с фиксирана дължина 221104b bu |||||s|||| 00| | bu d
028 ## - PUBLISHER NUMBER
Издателски номер 08343-6
040 ## - Източник на каталожния запис
Код на библиотеката BLK
041 ## - Код за език
Език на записа Руски
Език за КДБФ Руски
080 ## - УДК
УДК текст Опера. Музикална драма. Романтична опера. Опера-приказка
УДК код 782.1
УДК – определител (086.72)
УДК – код + определител 782.1(086.72)
100 ## - Редна дума - Автор
Автор Чайковский, Петр Ильич
R(LIN) 276107
Години, свързани с автора 1840 - 1893
245 ## - Сведения за заглавието
Заглавие Иоланта
Подзаглавни данни Опера в одном действии
Авторска отговорност Петр Чайковский; Солисты, хор и оркестр Большого театра СССР; дир. : Марк Эрмлер
260 ## - Област на издателските данни
9 (RLIN) 210743
Място на издаване Москва
Име на издателя Мелодия
Година на издаване б. г.
300 ## - Физическа характеристика
Брой страници 2 грамофонни плочи
Илюстрации 33 об/мин, стерео
Размер 30 см
Съпроводителни материали в обложка
380 ## - Жанр
Жанр Изкуство
650 #0 - Допълнително описание по предмет – тема
9 (RLIN) 315979
Предметна рубрика Опера - Русия
700 ## - Други автори (авторска отговорност)
9 (RLIN) 495417
Друг автор Эрмлер, Марк Фридрихович
710 ## - Име на организация или юридическо лице като допълнителен термин за търсене
9 (RLIN) 494893
Друг колективен автор Хор и оркестр Большого театра СССР
852 ## - Местоположение
Сигнатура (форматна) Ф ІІ 5240
Отдел Основен фонд - ползва се само за читалня
856 ## - Електронен адрес и достъп
Инструкция (цена за достъп) 0.00
Права за достъп disable
942 ## - АРТИКУЛИ
Вид на библиотечния документ Грамофонни плочи
Скрит в OPAC Не
944 ## - СЪЗДАВАНЕ И РЕДАКЦИЯ на ЗАПИСА
Дата на регистрацията/редакция Моника Янева
Служител, извършил регистрацията/редакцията 30570
Статус, дата на статуса Моника Янева
Създаване/Редакция
999 ## - СИСТЕМНИ КОНТРОЛНИ НОМЕРА
Koha biblionumber 529037
Koha biblioitemnumber 529037
Наличности
Код за отписване Код за изгубен артикул Източник на класификационната схема Код за повреда Коз за рестрикции Код за отдаване Артикулен № Име на библиотеката - собственик Име на библиотеката, в която се намира в момента Статус (Текущо местоположение) Дата на вписване в системата Местоположение - отдел Цена в лева Инвентарен номер Систематично азбучна сигнатура Баркод Цена в евро Служебен тип на артикула
  Не е изгубен Universal Decimal Classification Не е повреден само за читалня ползва се в читалня 963640 Регионална библиотека "Любен Каравелов" Русе Регионална библиотека "Любен Каравелов" Русе Хранилище 2025-03-17 Основен фонд - ползва се само за читалня 3.00 11907 Ф ІІ 5240 900000115639 1.53 Грамофонни плочи
  Не е изгубен Universal Decimal Classification Не е повреден само за читалня ползва се в читалня 963641 Регионална библиотека "Любен Каравелов" Русе Регионална библиотека "Любен Каравелов" Русе Хранилище 2025-03-17 Основен фонд - ползва се само за читалня 3.00 11908 Ф ІІ 5240 900000115640 1.53 Грамофонни плочи
Vip Innovations Ltd, Rousse, Bulgaria 2025